An Introduction to High Performance Scientific Computing (Record no. 2505)

MARC details
000 -LEADER
fixed length control field 00453nam a2200169Ia 4500
008 - FIXED-LENGTH DATA ELEMENTS--GENERAL INFORMATION
fixed length control field 221030s9999 xx 000 0 und d
020 ## - INTERNATIONAL STANDARD BOOK NUMBER
ISBN 8120313542
041 ## - LANGUAGE CODE
Language code of text/sound track or separate title
082 ## - DEWEY DECIMAL CLASSIFICATION NUMBER
Classification number 105.23
Item number Fos
100 ## - MAIN ENTRY--AUTHOR NAME
Personal name L. D. Fosdick
245 #3 - TITLE STATEMENT
Title An Introduction to High Performance Scientific Computing
Statement of responsibility, etc by L. D. Fosdick, E. R. Jessup
260 ## - PUBLICATION, DISTRIBUTION, ETC. (IMPRINT)
Name of publisher PHI
Place of publication New Delhi
Year of publication 1998
300 ## - PHYSICAL DESCRIPTION
Number of Pages 760
650 ## - SUBJECT ADDED ENTRY--TOPICAL TERM
Topical Term BE Computer
700 ## - ADDED ENTRY--PERSONAL NAME
Personal name E. R. Jessup
942 ## - ADDED ENTRY ELEMENTS (KOHA)
Koha item type Books
Holdings
Accession Number Cost, normal purchase price Full call number Price effective from Koha item type Withdrawn / writtenoff status Materials specified (bound volume or other part) Damaged status Not for loan Permanent Location Current Location Shelving location Date acquired Lost/ Missing status department
BE 1319 275.00 105.23 Fos 10/30/2022 Books   Print   Not For Loan MIET Library, Jammu MIET Library, Jammu BL-, FL-, CUP-77, SH-3, R-3 04/27/2000   BE